Los sistemas de planificación CPM y PERT aplicados a la construcción
Guardat en:
| Autor principal: | |
|---|---|
| Format: | Llibre |
| Idioma: | espanyol |
| Publicat: |
Barcelona
Gustavo Gili
1979
|
| Matèries: | |
| Etiquetes: |
Afegir etiqueta
Sense etiquetes, Sigues el primer a etiquetar aquest registre!
|
MARC
| LEADER | 00000nam a2200000 a 4500 | ||
|---|---|---|---|
| 001 | UCV5689 | ||
| 003 | CL-VaPUC | ||
| 008 | 890710e19790000SP |||||||||||||||||spa|d | ||
| 082 | 0 | 4 | |a 658.403 |b WAG |2 21 |
| 100 | 0 | |a Wagner, Gerhard |e author |9 299972 | |
| 245 | 1 | 4 | |a Los sistemas de planificación CPM y PERT aplicados a la construcción |
| 300 | |a 150 p | ||
| 942 | |c BK | ||
| 945 | |d 19890710 00:00:00 | ||
| 260 | |a Barcelona |b Gustavo Gili |c 1979 | ||
| 650 | 7 | |a PERT ANALISIS DE REDES |2 CL-VaPUC |9 262525 | |
| 650 | 0 | |a Análisis de redes de planificación |9 262526 | |
| 583 | |a last modification |c 19890710 00:00:00 |k Rodrigo Vera | ||
| 999 | |c 212104 |d 212102 | ||
| 952 | |0 0 |1 0 |4 0 |6 658_403000000000000_WAG_1979 |7 0 |8 A |9 192527 |a BIBARQ |b BIBARQ |d 2019-11-14 |i 260017K |o 658.403 WAG 1979 |p 260017K |r 2025-01-20 |w 2019-11-14 |y BK |k ARQ | ||
| 952 | |0 0 |1 0 |4 0 |6 658_403000000000000_WAG_1979 |7 0 |8 A |9 192528 |a BIBENE |b BIBENE |d 2019-11-14 |i 2600188 |o 658.403 WAG 1979 |p 2600188 |r 2025-01-15 |w 2019-11-14 |y BK |k ICO | ||